00931nam a2200193Ia 450000500170000000800410001702000180005805000200007610000280009624500650012425000180018926000340020730000460024149000410028750000370032850400420036550502900040765000400069720231102151118.0120626t20061978mx 000 0 spa d a978968247783614aBF185bB67 20061 aBoring, Edwin G.eautor10aHistoria de la psicología experimentalc / Edwin G. Boring a3a. edición aMéxicob : Trillasc , 2006 a822 páginas,bilustraciones; gráficas aBiblioteca Técnica de Psicología aIncluye: Índices (pp. 787-822) aIncluye: Bibliografía (pp. 783-785)2 aOrientación Origen de la psicología moderna dentro de la ciencia Orígenes de la psicología modernadentro de la filosofía La fundación de la psicología experimental El establecimiento de la psicología moderna en Alemania Tendencias posteriores en la psicología moderna14aPSICOLOGÍA EXPERIMENTALxHISTORIA